000 01383nam a2200217Ia 4500
003 Ost
005 20260416102359.0
008 260416s9999||||xx |||||||||||||| ||und||
040 _cfsecg
041 _aara
082 _a657.42
100 _aبوشايب، حسينة
_eمؤلف
245 0 _a المحاسبة المالية 2 :
_bجذع مشترك- LMD - مطبوعة موجهة لطلبة السنة الأولى /
_c حسينة بوشايب
260 _aالجزائر
_bجامعة الجزائر3: كلية العلوم الإقتصادية، العلوم التجارية وعلوم التسيير
_c2022
300 _a111 ورقة
_bايضاحات
_c12 سم
504 _aالمراجع ص.109
520 _aالمعالجة المحاسبية لعملية تأسيس الشركات،المعالجة المحاسبية للمخزونات عملية الشراء والبيع والتخفيضات التجارية والرسم على القيمة المضافة،المعالجة المحاسبية للأوراق التجارية ،المعالجة المحاسبية للأغلفة،أعمال نهاية الدورة المحاسبية.
653 _aالمحاسبة المالية
710 _aجامعة الجزائر3: كلية العلوم الإقتصادية، العلوم التجارية وعلوم التسيير
_eناشر علمي
942 _cHANDOUT
999 _c41330
_d41330